中国地级市Prefecture-Level Cities in China - Statistics

General Stats
  • This quiz has been taken 59 times
  • The average score is 162 of 293
Answer Stats
答案 % Correct
南京市
79%
石家庄市
77%
哈尔滨市
74%
济南市
74%
青岛市
74%
太原市
72%
杭州市
72%
淄博市
72%
武汉市
72%
长沙市
72%
广州市
72%
深圳市
72%
唐山市
69%
无锡市
69%
徐州市
69%
苏州市
69%
扬州市
69%
烟台市
69%
拉萨市
69%
秦皇岛市
67%
长春市
67%
吉林市
67%
齐齐哈尔市
67%
连云港市
67%
宁波市
67%
合肥市
67%
潍坊市
67%
郑州市
67%
洛阳市
67%
佛山市
67%
保定市
64%
张家口市
64%
大连市
64%
常州市
64%
南通市
64%
淮安市
64%
镇江市
64%
泰州市
64%
嘉兴市
64%
衢州市
64%
淮北市
64%
福州市
64%
厦门市
64%
南昌市
64%
德州市
64%
滨州市
64%
汕头市
64%
湛江市
64%
成都市
64%
邢台市
62%
廊坊市
62%
呼和浩特市
62%
沈阳市
62%
黑河市
62%
盐城市
62%
湖州市
62%
绍兴市
62%
台州市
62%
枣庄市
62%
东营市
62%
济宁市
62%
泰安市
62%
日照市
62%
菏泽市
62%
开封市
62%
驻马店市
62%
珠海市
62%
南宁市
62%
柳州市
62%
防城港市
62%
海口市
62%
昆明市
62%
西安市
62%
银川市
62%
邯郸市
59%
承德市
59%
衡水市
59%
大同市
59%
鞍山市
59%
佳木斯市
59%
宿迁市
59%
温州市
59%
金华市
59%
芜湖市
59%
淮南市
59%
马鞍山市
59%
三明市
59%
泉州市
59%
漳州市
59%
宁德市
59%
赣州市
59%
威海市
59%
临沂市
59%
平顶山市
59%
安阳市
59%
南阳市
59%
梅州市
59%
汕尾市
59%
潮州市
59%
桂林市
59%
梧州市
59%
三亚市
59%
贵阳市
59%
乌鲁木齐市
59%
晋中市
56%
包头市
56%
鄂尔多斯市
56%
锦州市
56%
铁岭市
56%
四平市
56%
鹤岗市
56%
舟山市
56%
丽水市
56%
宿州市
56%
池州市
56%
南平市
56%
龙岩市
56%
九江市
56%
新乡市
56%
焦作市
56%
濮阳市
56%
信阳市
56%
周口市
56%
张家界市
56%
韶关市
56%
茂名市
56%
惠州市
56%
阳江市
56%
中山市
56%
北海市
56%
绵阳市
56%
咸阳市
56%
榆林市
56%
兰州市
56%
沧州市
54%
朔州市
54%
运城市
54%
通辽市
54%
丹东市
54%
营口市
54%
葫芦岛市
54%
白城市
54%
鸡西市
54%
大庆市
54%
伊春市
54%
绥化市
54%
蚌埠市
54%
铜陵市
54%
安庆市
54%
滁州市
54%
宣城市
54%
莆田市
54%
景德镇市
54%
萍乡市
54%
吉安市
54%
聊城市
54%
许昌市
54%
商丘市
54%
十堰市
54%
宜昌市
54%
襄阳市
54%
荆州市
54%
黄冈市
54%
株洲市
54%
衡阳市
54%
常德市
54%
郴州市
54%
永州市
54%
怀化市
54%
江门市
54%
肇庆市
54%
清远市
54%
东莞市
54%
钦州市
54%
玉林市
54%
百色市
54%
攀枝花市
54%
遵义市
54%
日喀则市
54%
延安市
54%
酒泉市
54%
西宁市
54%
吴忠市
54%
阳泉市
51%
晋城市
51%
忻州市
51%
临汾市
51%
吕梁市
51%
呼伦贝尔市
51%
本溪市
51%
盘锦市
51%
朝阳市
51%
通化市
51%
白山市
51%
双鸭山市
51%
牡丹江市
51%
黄山市
51%
新余市
51%
鹰潭市
51%
宜春市
51%
抚州市
51%
上饶市
51%
漯河市
51%
荆门市
51%
随州市
51%
岳阳市
51%
揭阳市
51%
云浮市
51%
泸州市
51%
天水市
51%
长治市
49%
乌海市
49%
赤峰市
49%
乌兰察布市
49%
辽阳市
49%
辽源市
49%
七台河市
49%
阜阳市
49%
六安市
49%
鹤壁市
49%
三门峡市
49%
黄石市
49%
鄂州市
49%
孝感市
49%
湘潭市
49%
河源市
49%
河池市
49%
来宾市
49%
崇左市
49%
三沙市
49%
自贡市
49%
德阳市
49%
南充市
49%
眉山市
49%
达州市
49%
巴中市
49%
资阳市
49%
六盘水市
49%
丽江市
49%
昌都市
49%
山南市
49%
宝鸡市
49%
汉中市
49%
嘉峪关市
49%
武威市
49%
石嘴山市
49%
吐鲁番市
49%
巴彦淖尔市
46%
抚顺市
46%
松原市
46%
亳州市
46%
咸宁市
46%
邵阳市
46%
益阳市
46%
贵港市
46%
广元市
46%
内江市
46%
安顺市
46%
毕节市
46%
曲靖市
46%
玉溪市
46%
林芝市
46%
商洛市
46%
金昌市
46%
白银市
46%
张掖市
46%
固原市
46%
中卫市
46%
阜新市
44%
娄底市
44%
贺州市
44%
儋州市
44%
乐山市
44%
宜宾市
44%
保山市
44%
昭通市
44%
普洱市
44%
那曲市
44%
渭南市
44%
安康市
44%
陇南市
44%
海东市
44%
克拉玛依市
44%
哈密市
44%
遂宁市
41%
广安市
41%
雅安市
41%
铜川市
41%
庆阳市
41%
铜仁市
38%
临沧市
38%
平凉市
38%
定西市
38%
No matching quizzes found
Score Distribution
Percent of People with Each Score
Percentile by Number Answered
Your Score History
You have not taken this quiz